| Tag |
First Indicator |
Second Indicator |
Subfields |
| LEADER |
00000cam a22000004a 4500 |
| 001 |
in00002071956 |
| 005 |
20151102051828.0 |
| 008 |
050629s2005 nyua b 101 0 eng |
| 020 |
|
|
|a 073540254X
|
| 035 |
|
|
|a (OCoLC)ocm60776026
|
| 040 |
|
|
|a LHL
|c LHL
|d OCLCQ
|d BAKER
|d IXA
|d OCLCQ
|d TXA
|d UtOrBLW
|
| 049 |
|
|
|a TXAM
|
| 090 |
|
|
|a QC770
|b .N742 2005
|
| 111 |
2 |
|
|a International Conference on Nuclear Data for Science and Technology
|d (2004 :
|c Santa Fe, N.M.)
|
| 245 |
1 |
0 |
|a Nuclear data for science and technology :
|b International Conference on Nuclear Data for Science and Technology : Santa Fe, New Mexico, 26 September-1 October, 2004 /
|c editors, Robert C. Haight [and others] ; sponsoring organizations , OECD Nuclear Energy Agency [and others].
|
| 264 |
|
1 |
|a Melville, N.Y. :
|b American Institute of Physics,
|c [2005]
|
| 264 |
|
4 |
|c ©2005
|
| 300 |
|
|
|a 2 volumes :
|b illustrations ;
|c 28 cm. +
|e 1 4 3/4 in. CD-ROM.
|
| 336 |
|
|
|a text
|b txt
|2 rdacontent
|
| 337 |
|
|
|a unmediated
|b n
|2 rdamedia
|
| 338 |
|
|
|a volume
|b nc
|2 rdacarrier
|
| 490 |
1 |
|
|a AIP conference proceedings,
|v v. 769
|
| 500 |
|
|
|a CD-ROM housed in pt. 2.
|
| 504 |
|
|
|a Includes bibliographical references and author index.
|
| 650 |
|
0 |
|a Nuclear physics
|x Observations
|v Congresses.
|
| 650 |
|
0 |
|a Molecules
|x Research
|v Congresses.
|
| 650 |
|
0 |
|a Collisions (Physics)
|x Research
|v Congresses.
|
| 650 |
|
0 |
|a Nuclear spectroscopy
|x Research
|v Congresses.
|
| 650 |
|
0 |
|a Atoms
|x Databases
|v Congresses.
|
| 650 |
|
0 |
|a Molecules
|x Databases
|v Congresses.
|
| 700 |
1 |
|
|a Haight, Robert C.
|
| 830 |
|
0 |
|a AIP conference proceedings ;
|v no. 769.
|
| 856 |
4 |
1 |
|u http://proceedings.aip.org/proceedings/confproceed/769.jsp
|t 0
|
| 994 |
|
|
|a C0
|b TXA
|
| 948 |
|
|
|a cataloged
|b h
|c 2005/8/22
|d c
|e blrosas
|f 10:33:19 am
|
| 999 |
|
|
|a MARS
|
| 999 |
f |
f |
|s 53a4cc3a-dc9f-393f-8fdf-2ae0d2252a90
|i 6ca99fd2-2dc7-358c-8bce-13fbcd8aec88
|t 0
|
| 952 |
f |
f |
|p ric
|a Texas A&M University
|b Rellis Campus
|c Joint Library Facility
|s JLF
|d Remote Storage
|t 0
|e QC770 .N742 2005
|h Library of Congress classification
|i unmediated -- volume
|k pt.1
|m A14832970898
|
| 952 |
f |
f |
|p ric
|a Texas A&M University
|b Rellis Campus
|c Joint Library Facility
|s JLF
|d Remote Storage
|t 0
|e QC770 .N742 2005
|h Library of Congress classification
|i unmediated -- volume
|k pt.2
|m A14832970856
|
| 998 |
f |
f |
|a QC770 .N742 2005
|s pt.1-2
|t 0
|l Remote Storage
|